Ming-Na Wen Filmography - Statistics

General Stats
  • This quiz has been taken 6 times
  • The average score is 8 of 28
Answer Stats
Hint Answer % Correct
1998 Mulan
100%
2020 Mulan
100%
2018 Ralph Breaks the Internet
67%
2004 Mulan II
50%
2009 Push
33%
1994 Street Fighter
33%
1993 The Joy Luck Club
33%
1998 12 Bucks
17%
2014 April Rain
17%
2002 A Ribbon of Dreams
17%
1993 Blind Spot
17%
2010 Breakdance Academy
17%
2001 Final Fantasy: The Spirits Within
17%
TBD Glitter and Doom
17%
1994 Hong Kong 97
17%
2002 I Got You
17%
1998 Killer App
17%
2018 Marvel Rising: Secret Warriors
17%
1997 One Night Stand
17%
2020 Pearl
17%
2008 Prom Night
17%
1992 Rain Without Thunder
17%
2001 Teddy Bears' Picnic
17%
1998 Tempting Fate
17%
1995 Terminal Voyage
17%
2016 The Darkness
17%
1994 Vanishing Son II
17%
1994 Vanishing Son IV
17%
No matching quizzes found
Score Distribution
Percent of People with Each Score
Percentile by Number Answered
Your Score History
You have not taken this quiz